Largest Country For Each Letter - Statistics

General Stats
  • This quiz has been taken 47 times
  • The average score is 19 of 24
Answer Stats
Hint Answer % Correct
A Australia
93%
C Canada
93%
U United States
93%
B Brazil
90%
R Russia
90%
F France
88%
I India
86%
J Japan
86%
K Kazakhstan
86%
Y Yemen
83%
D Democratic Republic of the Congo
81%
G Germany
81%
O Oman
81%
Q Qatar
81%
Z Zambia
81%
T Turkey
79%
E Egypt
76%
H Honduras
76%
M Mexico
76%
V Venezuela
76%
L Libya
69%
S Sudan
69%
P Peru
62%
N Namibia
60%
No matching quizzes found
Score Distribution
Percent of People with Each Score
Percentile by Number Answered
Your Score History
You have not taken this quiz